Digestibility of local yellow cattle fed cassava root chips and fresh cassava foliage supplemented either urea or potassium nitrate, លទ្ធភាពនៃការរំលាយអាហាររបស់គោពូជក្នុងស្រុកដោយប្រើប្រាស់ចំណិតដំឡូងមី ន្ិងស្លឹកដំឡូងមីស្រស់បន្ថែមអ៊ុយរ៉េ ឬប៉ូតាស្យូមនីត្រាត. (Record no. 2508)

000 -LEADER
fixed length control field 00850nam a22001337a 4500
040 ## - CATALOGING SOURCE
Transcribing agency RUA
082 ## - DEWEY DECIMAL CLASSIFICATION NUMBER
Classification number AVM NGI 2012 B100 Or.1
100 ## - MAIN ENTRY--AUTHOR NAME
Personal name NGIEP, CHANNAVUTH.
245 ## - TITLE STATEMENT
Title Digestibility of local yellow cattle fed cassava root chips and fresh cassava foliage supplemented either urea or potassium nitrate, លទ្ធភាពនៃការរំលាយអាហាររបស់គោពូជក្នុងស្រុកដោយប្រើប្រាស់ចំណិតដំឡូងមី ន្ិងស្លឹកដំឡូងមីស្រស់បន្ថែមអ៊ុយរ៉េ ឬប៉ូតាស្យូមនីត្រាត.
260 ## - PUBLICATION, DISTRIBUTION, ETC. (IMPRINT)
Place of publication phnom phen
Name of publisher RUA
Year of publication 2012
300 ## - PHYSICAL DESCRIPTION
Number of Pages VIII,41p.
Other physical details ill.
Dimensions 29cm.
856 ## - ELECTRONIC LOCATION AND ACCESS
Uniform Resource Identifier https://drive.google.com/file/d/1zWHWz7RcX3iPABgLF-uzhBq5c3djs9D7/view?usp=sharing
942 ## - ADDED ENTRY ELEMENTS (KOHA)
Koha item type AVM
952 ## - LOCATION AND ITEM INFORMATION (KOHA)
Withdrawn status [LOCAL, KOHA] 0
952 ## - LOCATION AND ITEM INFORMATION (KOHA)
Withdrawn status [LOCAL, KOHA] 0
952 ## - LOCATION AND ITEM INFORMATION (KOHA)
Withdrawn status [LOCAL, KOHA] 0
952 ## - LOCATION AND ITEM INFORMATION (KOHA)
Withdrawn status [LOCAL, KOHA] 0
952 ## - LOCATION AND ITEM INFORMATION (KOHA)
Withdrawn status [LOCAL, KOHA] 0
952 ## - LOCATION AND ITEM INFORMATION (KOHA)
Withdrawn status [LOCAL, KOHA] 0
952 ## - LOCATION AND ITEM INFORMATION (KOHA)
Withdrawn status [LOCAL, KOHA] 0
952 ## - LOCATION AND ITEM INFORMATION (KOHA)
Withdrawn status [LOCAL, KOHA] 0
Holdings
Permanent Location Date acquired Koha item type Lost status Shelving location Barcode Current Location Full call number
Library Block B2015-10-22AVM B100RUA018192Library Block BAVM NGI 2012 B100 Or.1
Library Block B2015-10-22AVM B100RUA018331Library Block BAVM NGI 2012 B100 Or.2
Library Block B2015-10-22AVM B100RUA018336Library Block BAVM NGI 2012 B100 Or.3
Library Block B2015-10-22AVM B100RUA018482Library Block BAVM NGI 2012 B100 Or.4
Library Block B2015-10-22AVM B100RUA018120Library Block BAVM NGI 2012 B100 Or.5
Library Block B2015-10-28AVM B100RUA018638Library Block BAVM NGI 2012 B100 Or.6
Library Block B2015-10-28AVM B100RUA018603Library Block BAVM NGI 2012 B100 Or.7
Library Block B2015-10-28AVM B100RUA018572Library Block BAVM NGI 2012 B100 Or.8
មជ្ឈមណ្ឌលឯការនៃសាកលវិទ្យាល័យភូមិន្ទកសិកម្មចំការដូង

Powered by Koha